| 000 | 00427nam a2200145Ia 4500 | ||
|---|---|---|---|
| 008 | 210716s1987 xx 000 0 und d | ||
| 020 | _a70991464 | ||
| 041 | _aeng | ||
| 082 | _a005.135 NEWL | ||
| 100 | _aNewcomer, Lawrence R. | ||
| 245 | _aTheory and problems of programming with advanced structured cobol. | ||
| 260 |
_aNew York _bSchaum's outline series _c1987 |
||
| 300 | _a350 | ||
| 650 | _aProgramming Languages(005.13) | ||
| 999 |
_c181365 _d181365 |
||